Score 0/16 Timer 02:00
0 Plays Today
Leonardo DiCaprio Movie Missing Word % Correct
___ Me If You CanCatch
97.1%
___ + JulietRomeo
96.9%
___ of New YorkGangs
86.5%
What's Eating ___ GrapeGilbert
82.8%
The Man in the ___ MaskIron
82.1%
Blood ___Diamond
70.8%
Revolutionary ___Road
65.6%
___ EclipseTotal
65.2%
Leonardo DiCaprio Movie Missing Word % Correct
___ IslandShutter
65%
The Basketball ___Diaries
61.1%
J. ___Edgar
60.9%
Django ___Unchained
54.2%
The ___ and the DeadQuick
43.5%
Body of ___Lies
39.4%
This Boy's ___Life
38.9%
Marvin's ___Room
37.9%

Today's Daily Dose

Remove Ads.
Support Sporcle.
Get the best of Sporcle when you Go Orange. This ad-free experience offers more features, more stats, and more fun while also helping to support Sporcle. Thank you for becoming a member.

You're not logged in!

Compare scores with friends on all Sporcle quizzes.
OR
Log In

Show Comments

Extras

Top Quizzes Today


Score Distribution

Your Account Isn't Verified!

In order to create a playlist on Sporcle, you need to verify the email address you used during registration. Go to your Sporcle Settings to finish the process.

Report this User

Report this user for behavior that violates our Community Guidelines.

Details: